Reden an die deutsche Nation / (Record no. 54147)

MARC details
000 -LEADER
campo de control de longitud fija 00771nam a22002295i 4500
001 - NÚMERO DE CONTROL
campo de control 54147
003 - IDENTIFICADOR DE NÚMERO DE CONTROL
campo de control ES-MaACL
005 - FECHA Y HORA DE LA ÚLTIMA TRANSACCIÓN
campo de control 20230906162913.0
007 - CAMPO FIJO DE DESCRIPCIÓN FÍSICA--INFORMACIÓN GENERAL
campo de control de longitud fija t|
008 - DATOS DE LONGITUD FIJA--INFORMACIÓN GENERAL
campo de control de longitud fija 960711s1896 gw ||||1| ger d
040 ## - FUENTE DE CATALOGACIÓN
Centro catalogador/agencia de origen CAM
Lengua de catalogación spa
Centro/agencia transcriptor CAM
100 1# - ENTRADA PRINCIPAL--NOMBRE DE PERSONA
Nombre de persona Fichte, Johann Gottlieb (
Fechas asociadas al nombre 1762-1814)
9 (RLIN) 50677
245 10 - MENCIÓN DEL TÍTULO
Título Reden an die deutsche Nation /
Mención de responsabilidad, etc. J. G. Fichtes; mit Fichtes Biographie ... von Theodor Vogt.
250 ## - MENCION DE EDICION
Mención de edición 2. Aufl.
260 ## - PUBLICACIÓN, DISTRIBUCIÓN, ETC.
Lugar de publicación, distribución, etc. Lanagensalza :
Nombre del editor, distribuidor, etc. verlag von Hermann Beyer & Söhne,
Fecha de publicación, distribución, etc. 1896.
300 ## - DESCRIPCIÓN FÍSICA
Extensión [8], 288 p. ;
Dimensiones 21 cm.
490 1# - MENCIÓN DE SERIE
Mención de serie Bibliothek pèadagogischer klassiker ;
Designación de volumen o secuencia 20 av.
700 1# - ENTRADA AGREGADA--NOMBRE PERSONAL
Nombre de persona Vogt, Theodor.
9 (RLIN) 115666
830 0# - PUNTO DE ACCESO ADICIONAL DE SERIE-TÍTULO UNIFORME
Título uniforme Bibliothek pèadagogischer klassiker ;
Designación de volumen o secuencia 20 av.
9 (RLIN) 182509
852 ## - LOCALIZACIÓN
Ubicación ES-MaACL
Número de control de estantería G-15175
Holdings
Estatus retirado Estado de pérdida Estado de daño No para préstamo Colección Biblioteca de origen Biblioteca actual Ubicación en estantería Fecha de adquisición Fuente de adquisición Total de préstamos Signatura topográfica completa Código de barras Visto por última vez Precio de reemplazo Tipo de ítem Koha
        Libros del s. XIX Biblioteca del Ateneo de Madrid Biblioteca del Ateneo de Madrid Sala Pecera Planta 3 17/01/2008     G-15175 1056904 23/02/2023 23/02/2023 Libro impreso antiguo